Meilleur XI de Liga (Octobre) - Statistiques

Statistiques générales
  • Ce quiz a été pris 79 fois
  • Le résultat moyen est 10 sur 11
Statistiques - réponses
Poste Joueur Equipe Valeur % Correct
BU Kylian Mbappe Real Madrid 180,00 Mio
100%
AD Lamine Yamal FC Barcelone 150,00 Mio
100%
AG Vinicius Jr Real Madrid 200,00 Mio
100%
MOC Jude Bellingham Real Madrid 180,00 Mio
97%
DD Jules Koundé FC Barcelone 55,00 Mio
97%
MDC Aurelien Tchouameni Real Madrid 100,00 Mio
96%
DG Alejandro Balde FC Barcelone 40,00 Mio
86%
MOC Federico Valverde Real Madrid 130,00 Mio
84%
DC Ronald Araujo FC Barcelone 70,00 Mio
82%
DC Eder Militao Real Madrid 60,00 Mio
81%
G Giorgi Mamardashvili Valence 45,00 Mio
45%
Aucun quiz correspondant
Distribution des résultats
% des personnes avec chaque résultat
Percentile par nombre de réponses
Votre historique - résultats
Vous n’avez pas pris ce quiz